Cities that Start with A by Clue #1 - Statistics

General Stats
  • This quiz has been taken 110 times
  • The average score is 13 of 20
Answer Stats
Clue City % Correct
Birthplace of democracy... and Plato Athens
100%
New Zealand's largest city Auckland
96%
Canals, Red Light District, Anne Frank Amsterdam
95%
Capital of the UAE Abu Dhabi
89%
Home of Cleopatra and an ancient wonder of the world Alexandria
85%
Capital of Jordan Amman
84%
Taj Mahal Agra
78%
Braves, Falcons, Hawks Atlanta
73%
African Union headquarters Addis Ababa
68%
Formerly known as "Nur-Sultan" Astana
65%
Home of Disneyland and the Ducks Anaheim
64%
DC suburb with famous cemetary Arlington
62%
BBQ and live music Austin
62%
Prime Mexican beach destination in the 50s and 60s Acapulco
58%
On a Mediterranean island and the birthplace of Napolean Ajaccio
57%
World's diamond capital Antwerp
57%
Adobe architecture and hot air balloons Albuquerque
35%
Cathedral City where Charlemagne ruled Aachen
32%
Home to the Nile and Philae Temple Aswan
29%
Turquoise Coast full of Russians Antalya
19%
No matching quizzes found
Score Distribution
Percent of People with Each Score
Percentile by Number Answered
Your Score History
You have not taken this quiz